000 00315 a2200145 4500
001 167901
020 _a
040 _cMagnum
100 _aSobotta
240 1 0 _aAtlas de anatomia humana/v.2
_lpor
245 1 0 _aAtlas de anatomia humana/v.2
362 0 _a1899
697 _aCIENCIAS MEDICAS SAUDE
942 _cBK
999 _c167901
_d167901